Rehabilitation of aged : (Record no. 27261)
[ view plain ]
| 000 -LEADER | |
|---|---|
| fixed length control field | 00527nam a2200145Ia 4500 |
| 041 ## - LANGUAGE CODE | |
| Language code of text/sound track or separate title | English |
| 082 ## - DEWEY DECIMAL CLASSIFICATION NUMBER | |
| Classification number | RP.0340 |
| 100 ## - MAIN ENTRY--AUTHOR NAME | |
| Personal name | Pande, S.V. |
| Affiliation | Manasi |
| 245 #0 - TITLE STATEMENT | |
| Title | Rehabilitation of aged : |
| Sub Title | a study of functioning and performance of old age homes in India / |
| Statement of responsibility, etc | S.V. Pande |
| 260 ## - PUBLICATION, DISTRIBUTION, ETC. (IMPRINT) | |
| Place of publication | New Delhi : |
| Name of publisher/Sponsor | Indian Council oF Social Science Research, |
| 300 ## - PHYSICAL DESCRIPTION | |
| Number of Pages | 205p. |
| 536 ## - FUNDING INFORMATION NOTE | |
| Funding Agency | Indian Council of Social Science Research |
| 650 ## - SUBJECT ADDED ENTRY--TOPICAL TERM | |
| Topical Term | Rehabilitation |
| Form subdivision | Peer counseling in rehabilitation |
| General subdivision | Rehabilitation |
| Geographic subdivision | India |
| 942 ## - ADDED ENTRY ELEMENTS (KOHA) | |
| Koha item type | Research Reports |
| Source of classification or shelving scheme | Dewey Decimal Classification |
| Withdrawn status | Lost status | Damaged status | Not for loan | Collection code | Home library | Current library | Date acquired | Source of acquisition | Full call number | Accession Number | Koha item type |
|---|---|---|---|---|---|---|---|---|---|---|---|
| Not For Loan | ICSSR Research Project Reports | NASSDOC Library | NASSDOC Library | 06/12/2021 | Gifted by: RP Division ICSSR | RP.0340 | 51916 | Research Reports |
